000
00242nam a22001097a 4500
999
_c
13458
_d
13458
082
_a
956.62
_b
MAS
100
_a
Masud Akhter Shaikh,Colonel
245
_a
Lies, Lies, and more lies
260
_a
Islamabad
_b
Encore
300
_a
251
942
_c
BK